[Event "AUTO-OPEN-2263"]
[Site "http://www.queenalice.com/game.php?id=945032"]
[Date "2011.6.1"]
[Round "2"]
[White "benoni"]
[Black "chess1200"]
[Result "0-1"]
[WhiteElo "1863"]
[BlackElo "2015"]

1. d4 c5 2. d5 Nf6 3. Nc3 Qa5 4. Bd2 e5 5. dxe6 fxe6 6. e4 Qc7 7. f4 d6 8. Nf3
Be7 9. Bc4 a6 10. a4 Nc6 11. O-O Na5 12. Be2 O-O 13. b3 b6 14. e5 Nd5 15. g3 Bb7
16. Qe1 Nc6 17. Rc1 dxe5 18. Nxd5 exd5 19. c4 d4 20. fxe5 Nxe5 21. Bf4 Bd6 22.
Ng5 h6 23. Bxe5 Bxe5 24. Bf3 Rae8 25. Bxb7 Rxf1+ 26. Qxf1 Qxb7 27. Nh3 Rf8 28.
Qe2 Qc7 29. Qg2 Qd7 30. Re1 Bb8 31. Nf2 Qf5 32. Ne4 Re8 33. g4 Qf4 0-1

[Event "AUTO-OPEN-2263"]
[Site "http://www.queenalice.com/game.php?id=945033"]
[Date "2011.6.1"]
[Round "2"]
[White "chess1200"]
[Black "benoni"]
[Result "0-1"]
[WhiteElo "2023"]
[BlackElo "1840"]

1. e4 e6 2. d4 d5 3. e5 c5 4. c3 Qb6 5. Nf3 Nc6 6. Bd3 cxd4 7. cxd4 Bd7 8. Be2
Nh6 9. Bxh6 Qxb2 10. Nbd2 gxh6 11. Rb1 Qc3 12. Rb3 Qa5 13. Qb1 b6 14. Bb5 Rc8
15. Bxc6 Bxc6 16. O-O Be7 17. Rd1 Ba4 18. Rc1 Rxc1+ 19. Qxc1 O-O 20. Rc3 Bb4 21.
Rc7 Be8 22. Nf1 b5 23. h3 Kg7 24. Qf4 Qxc7 25. Qf6+ Kg8 26. Qxh6 Be7 27. Ng3 f6
28. exf6 Rxf6 0-1

[Event "AUTO-OPEN-2271"]
[Site "http://www.queenalice.com/game.php?id=948575"]
[Date "2011.6.11"]
[Round "2"]
[White "benoni"]
[Black "orwieorwatt"]
[Result "0-1"]
[WhiteElo "1899"]
[BlackElo "1652"]

1. b4 d5 2. Bb2 Nc6 3. b5 Nb8 4. Nf3 b6 5. e3 Bb7 6. Be2 e6 7. O-O Nf6 8. c4 c6
9. a4 cxb5 10. axb5 Be7 11. Nc3 O-O 12. Nd4 Re8 13. f4 Qc8 14. d3 Bf8 15. Qd2
Bd6 16. Nf3 Bc5 17. Kh1 Nbd7 18. d4 Be7 19. cxd5 Nxd5 20. Rac1 Nxc3 21. Bxc3 Nf8
22. Qb2 Ng6 23. d5 f6 24. Bxf6 Qd7 25. dxe6 Qxe6 26. Bxg7 Qxe3 27. Rfe1 Qxf4 28.
Rc4 Qf5 29. Nd4 Qd5 0-1

[Event "AUTO-OPEN-2271"]
[Site "http://www.queenalice.com/game.php?id=948576"]
[Date "2011.6.11"]
[Round "2"]
[White "orwieorwatt"]
[Black "benoni"]
[Result "1-0"]
[WhiteElo "1678"]
[BlackElo "1873"]

1. e4 e6 2. d4 d5 3. e5 c5 4. c3 Qb6 5. a3 Nc6 6. Nf3 Nh6 7. Qc2 g6 8. Bd3 Bg7
9. Bf4 c4 10. Be2 O-O 11. O-O Bd7 12. Re1 Rac8 13. Bf1 Nf5 14. g3 Na5 15. Nbd2
h6 16. Nb1 Nb3 17. Nbd2 Nxa1 18. Rxa1 Qd8 19. Qc1 Kh7 20. g4 Nh4 21. g5 Nxf3+
22. Nxf3 h5 23. Bg2 a5 24. Bf1 b5 25. Qd2 Qb6 26. Rb1 Rfd8 27. Bg3 Rb8 28. Nh4
Bf8 29. Be2 Be7 30. f4 1-0

[Event "AUTO-OPEN-2271"]
[Site "http://www.queenalice.com/game.php?id=948577"]
[Date "2011.6.11"]
[Round "2"]
[White "benoni"]
[Black "szachista92"]
[Result "1-0"]
[WhiteElo "1860"]
[BlackElo "2025"]

1. b4 a5 2. b5 a4 3. Ba3 g6 4. d4 Bg7 5. Nf3 d6 6. e3 Nf6 7. c4 O-O 8. Be2 Nbd7
9. Nbd2 c6 10. Rb1 c5 11. O-O Re8 12. d5 Nb6 13. e4 Nfd7 14. Qc2 Ne5 15. Ne1 f5
16. f4 Nf7 17. Nd3 e5 18. fxe5 Nxe5 19. Nxe5 Bxe5 20. Bd3 fxe4 21. Nxe4 Bf5 22.
Rbe1 Qh4 23. g3 Qh6 24. Bc1 Qg7 25. Ng5 Bxd3 26. Qxd3 Re7 27. Ne6 Qh8 28. a3
Rae8 29. Kg2 Nd7 30. Bg5 Rxe6 31. dxe6 Rxe6 32. Qd5 1-0

[Event "AUTO-OPEN-2271"]
[Site "http://www.queenalice.com/game.php?id=948578"]
[Date "2011.6.11"]
[Round "2"]
[White "szachista92"]
[Black "benoni"]
[Result "1-0"]
[WhiteElo "2086"]
[BlackElo "1846"]

1. e4 e6 2. d4 Nf6 3. e5 Nd5 4. Nc3 Be7 5. Bd3 Nxc3 6. bxc3 f5 7. exf6 Bxf6 8.
Qh5+ Kf8 9. Nf3 d6 10. O-O Bd7 11. Ng5 g6 12. Nxh7+ Kf7 13. Qxg6+ Ke7 14. Qxf6+
1-0

[Event "AUTO-OPEN-2264"]
[Site "http://www.queenalice.com/game.php?id=951728"]
[Date "2011.6.19"]
[Round "2"]
[White "benoni"]
[Black "Spessatto"]
[Result "1-0"]
[WhiteElo "1865"]
[BlackElo "1859"]

1. b4 e5 2. Bb2 Bxb4 3. Bxe5 f6 4. Bb2 Nc6 5. Nf3 Nge7 6. e3 O-O 7. Be2 d6 8.
O-O a6 9. c4 Bc5 10. Nc3 Ng6 11. d4 Ba7 12. a3 Bd7 13. Qc2 Qe8 14. Bd3 b5 15.
cxb5 axb5 16. Nxb5 Bb6 17. h4 Bg4 18. Nh2 Bd7 19. h5 Nh4 20. Bxh7+ Kh8 21. g4
Nd8 22. Nc3 Bc6 23. d5 Bb7 24. Rad1 c6 25. Be4 Rc8 26. dxc6 Bxc6 27. Bd3 Bc7 28.
e4 Nf7 29. f4 Qd7 30. Qf2 g5 31. fxg5 fxg5 32. Nd5+ Ne5 33. Qg3 Rxf1+ 34. Rxf1
Bxd5 35. exd5 Qa4 36. Qe3 Qb3 37. Bd4 Rg8 38. Nf3 Nxf3+ 39. Qxf3 Bb6 40. Qf6+
1-0

[Event "AUTO-OPEN-2264"]
[Site "http://www.queenalice.com/game.php?id=951729"]
[Date "2011.6.19"]
[Round "2"]
[White "Spessatto"]
[Black "benoni"]
[Result "1-0"]
[WhiteElo "1838"]
[BlackElo "1883"]

1. d4 Nf6 2. h3 b5 3. Bf4 Bb7 4. e3 a6 5. Nf3 g6 6. Bd3 Bg7 7. O-O O-O 8. Nbd2
d6 9. c3 Nbd7 10. Bc2 c5 11. a4 Qb6 12. dxc5 Nxc5 13. axb5 axb5 14. Nb3 Rad8 15.
Nxc5 dxc5 16. Qe1 c4 17. Nd4 Rd5 18. Ra2 h6 19. Bg3 e5 20. Nf3 Nh5 21. Bh2 Rfd8
22. Qe2 Qc6 23. Be4 f5 24. Bxd5+ Qxd5 25. Raa1 Rf8 26. Rfd1 Qc6 27. Rd2 f4 28.
Rad1 Qf6 29. Rd7 Ba8 30. R1d6 1-0

[Event "AUTO-OPEN-2264"]
[Site "http://www.queenalice.com/game.php?id=951730"]
[Date "2011.6.19"]
[Round "2"]
[White "benoni"]
[Black "crazycow"]
[Result "0-1"]
[WhiteElo "1844"]
[BlackElo "2125"]

1. b4 e5 2. Bb2 Bxb4 3. Bxe5 Nf6 4. Nf3 O-O 5. g3 d5 6. Bg2 Re8 7. O-O Bg4 8.
Bb2 Nc6 9. h3 Bh5 10. Nc3 Qe7 11. Re1 Rad8 12. a3 Ba5 13. Nb5 Bb6 14. Nbd4 Nxd4
15. Nxd4 Bxd4 16. Bxd4 Bxe2 17. Qb1 c5 0-1

[Event "AUTO-OPEN-2264"]
[Site "http://www.queenalice.com/game.php?id=951731"]
[Date "2011.6.19"]
[Round "2"]
[White "crazycow"]
[Black "benoni"]
[Result "1-0"]
[WhiteElo "2121"]
[BlackElo "1849"]

1. e4 e6 2. d3 Nc6 3. Nf3 d6 4. g3 Nf6 5. Bg2 Be7 6. O-O O-O 7. Nc3 Bd7 8. Re1
Ne8 9. Be3 f5 10. Qd2 h6 11. Nd4 e5 12. Nxf5 Bxf5 13. exf5 Rxf5 14. Bd5+ Kh8 15.
Bxh6 Bg5 16. Bxg5 Rxg5 17. Re4 1-0

[Event "AUTO-OPEN-2263"]
[Site "http://www.queenalice.com/game.php?id=965082"]
[Date "2011.7.26"]
[Round "3"]
[White "chess1200"]
[Black "benoni"]
[Result "0-1"]
[WhiteElo "1853"]
[BlackElo "1893"]

1. e4 e6 2. d4 d5 3. e5 c5 4. c3 Qb6 5. Nf3 Nc6 6. Bd3 Nh6 7. b3 Nf5 8. Bxf5
exf5 9. Ba3 Be6 10. O-O Be7 11. Nbd2 O-O 12. h3 Rfe8 13. Bb2 Rad8 14. Qe2 g5 15.
dxc5 Bxc5 16. Nxg5 h6 17. Ngf3 a5 18. a4 Kh7 19. Kh1 Rg8 0-1

[Event "AUTO-OPEN-2263"]
[Site "http://www.queenalice.com/game.php?id=965083"]
[Date "2011.7.26"]
[Round "3"]
[White "benoni"]
[Black "chess1200"]
[Result "1-0"]
[WhiteElo "1877"]
[BlackElo "1869"]

1. b4 c6 2. Bb2 a5 3. a3 axb4 4. axb4 Rxa1 5. Bxa1 e6 6. e3 Nf6 7. f4 Bxb4 8. g4
Qb6 9. g5 Nd5 10. Bxg7 Qxe3+ 11. Qe2 Qxe2+ 12. Nxe2 Rg8 13. Bb2 Bd6 14. Nbc3
Nxf4 15. h4 b5 16. Ne4 Bc7 17. Nf6+ Kf8 18. Nxg8 Kxg8 19. h5 1-0

[Event "AUTO-OPEN-2263"]
[Site "http://www.queenalice.com/game.php?id=965086"]
[Date "2011.7.26"]
[Round "3"]
[White "benoni"]
[Black "deltaboy"]
[Result "0-1"]
[WhiteElo "1881"]
[BlackElo "2447"]

1. b4 e6 2. Bb2 Nf6 3. b5 d5 4. e3 Bd6 5. f4 O-O 6. Nf3 a6 7. a4 Bd7 8. c4 dxc4
9. Bxc4 axb5 10. axb5 Rxa1 11. Bxa1 c6 12. Nc3 Qb6 13. Qe2 Rc8 14. bxc6 Nxc6 15.
d4 Na5 16. O-O Nxc4 17. Ne5 Bxe5 18. fxe5 Nd5 19. Qf3 Be8 20. Nxd5 exd5 21. e4
Nd2 0-1

[Event "AUTO-OPEN-2263"]
[Site "http://www.queenalice.com/game.php?id=965087"]
[Date "2011.7.26"]
[Round "3"]
[White "deltaboy"]
[Black "benoni"]
[Result "1-0"]
[WhiteElo "2400"]
[BlackElo "1879"]

1. e4 d6 2. d4 Nf6 3. Bd3 g6 4. c4 Bg7 5. Nc3 O-O 6. Nf3 c6 7. O-O Nbd7 8. Bg5
h6 9. Bf4 Re8 10. Qd2 Kh7 11. h3 Ng8 12. e5 Nf8 13. Rfe1 Ne6 14. Bg3 a6 15. Qe3
f5 16. d5 Nc5 17. Bc2 Bd7 18. b4 Ne4 19. Nxe4 fxe4 20. Bxe4 Bf5 21. Rad1 Qc7 22.
Bxf5 gxf5 23. Qd3 Rf8 24. exd6 exd6 25. dxc6 Qxc6 26. Bxd6 Rad8 27. Nh4 1-0

[Event "AUTO-INT-1973"]
[Site "http://www.queenalice.com/game.php?id=969587"]
[Date "2011.8.7"]
[Round "2"]
[White "cmnetto"]
[Black "benoni"]
[Result "1-0"]
[WhiteElo "2204"]
[BlackElo "1907"]

1. e4 d6 2. Nf3 Nf6 3. Nc3 g6 4. d4 Nc6 5. d5 Nb8 6. Bg5 Bg7 7. Bc4 O-O 8. O-O
h6 9. Bh4 Nbd7 10. Re1 c6 11. Rb1 a6 12. a4 b5 13. axb5 1-0

[Event "AUTO-INT-1973"]
[Site "http://www.queenalice.com/game.php?id=969588"]
[Date "2011.8.7"]
[Round "2"]
[White "benoni"]
[Black "cmnetto"]
[Result "0-1"]
[WhiteElo "1903"]
[BlackElo "2207"]

1. b4 d5 2. Bb2 Nf6 3. Nf3 e6 4. b5 Be7 5. e3 a6 6. a4 axb5 7. axb5 Rxa1 8. Bxa1
c6 9. c4 O-O 10. Be2 cxb5 11. cxb5 Bd7 0-1

[Event "AUTO-OPEN-3459"]
[Site "http://www.queenalice.com/game.php?id=1350506"]
[Date "2015.3.29"]
[Round "1"]
[White "mp3"]
[Black "benoni"]
[Result "0-1"]
[WhiteElo "1654"]
[BlackElo "1788"]

1. e4 e6 2. Bc4 c5 3. Qf3 Nc6 4. c3 Ne5 5. Qe2 Nxc4 6. Qxc4 Nf6 7. Nf3 Be7 8. a3
O-O 9. b4 b6 10. O-O Bb7 11. d3 d5 12. exd5 exd5 13. Qb3 Qc7 14. Re1 Rad8 15. a4
d4 16. g3 Bxf3 17. Bf4 Qb7 18. c4 Bh1 19. Nd2 Qg2# 0-1

[Event "AUTO-OPEN-3459"]
[Site "http://www.queenalice.com/game.php?id=1350507"]
[Date "2015.3.29"]
[Round "1"]
[White "benoni"]
[Black "mp3"]
[Result "1-0"]
[WhiteElo "1799"]
[BlackElo "1675"]

1. e4 e5 2. Nf3 d6 3. d4 exd4 4. Nxd4 c5 5. Nb3 Be6 6. Nc3 Bxb3 7. axb3 a6 8.
Bd3 Nf6 9. O-O Be7 10. f4 b5 11. Bxb5+ Nfd7 12. Be3 O-O 13. Bc4 Nc6 14. Nd5 Bf6
15. e5 dxe5 16. Nxf6+ gxf6 17. Qg4+ Kh8 18. Bd5 Rc8 19. Qh5 Nb6 20. Be4 Nd4 21.
Qxh7# 1-0

[Event "AUTO-OPEN-3459"]
[Site "http://www.queenalice.com/game.php?id=1350532"]
[Date "2015.3.29"]
[Round "1"]
[White "benoni"]
[Black "jailtontiago"]
[Result "0-1"]
[WhiteElo "1788"]
[BlackElo "1500"]

1. d4 Nf6 2. c4 g6 3. Nc3 Bg7 4. e4 d6 5. f3 O-O 6. Bd3 Nc6 7. Be3 e5 8. d5 Ne7
9. Nge2 Ne8 10. g4 f5 11. gxf5 gxf5 12. f4 exf4 13. Nxf4 fxe4 14. Bxe4 Nf5 15.
Bf2 Qe7 16. Qd3 Nh4 17. Be3 Bf5 18. O-O-O Bxe4 19. Nxe4 Qe5 20. Bd4 Qxf4+ 21.
Kb1 Bxd4 22. Qxd4 Nf3 23. Rhg1+ Nxg1 24. Rxg1+ Kf7 25. Ng5+ Ke7 26. Qd3 Qf5 0-1

[Event "AUTO-OPEN-3459"]
[Site "http://www.queenalice.com/game.php?id=1350533"]
[Date "2015.3.29"]
[Round "1"]
[White "jailtontiago"]
[Black "benoni"]
[Result "1-0"]
[WhiteElo "1797"]
[BlackElo "1810"]

1. d4 Nf6 2. c4 e5 3. d5 Bc5 4. Nc3 d6 5. e4 Nbd7 6. Nf3 h6 7. Be2 O-O 8. O-O a6
9. Qb3 c6 10. Na4 Ba7 11. Be3 b5 12. Bxa7 Rxa7 13. Qe3 c5 14. cxb5 axb5 15. Bxb5
Ng4 16. Qd3 Nb6 17. Nxb6 Qxb6 18. Nd2 f5 19. a4 fxe4 20. Qxe4 Rf4 21. Qg6 Raf7
22. Ne4 Nf6 23. Nxf6+ R4xf6 24. Qc2 Bf5 25. Qc4 Kh7 26. a5 Qa7 27. b4 1-0

[Event "Challenge"]
[Site "http://www.queenalice.com/game.php?id=1350689"]
[Date "2015.3.30"]
[Round "-"]
[White "ORNELAS"]
[Black "benoni"]
[Result "1-0"]
[WhiteElo "1687"]
[BlackElo "1809"]

1. Nf3 Nf6 2. Nc3 g6 3. d4 d5 4. Bg5 Ne4 5. Bf4 a6 6. Nxe4 dxe4 7. Ne5 Bg7 8. e3
b5 9. Nxf7 Kxf7 10. c3 Rf8 11. Qc2 1-0